[Event "d12b"]
[Site "?"]
[Date "2020.08.30"]
[Round "5.6"]
[White "Popczynska, Maja"]
[Black "Pniewska, Beata"]
[Result "1/2-1/2"]
[BlackElo "1169"]
[WhiteElo "1129"]
[LiveChessVersion "1.4.8"]

1. e4 {[%clk 0:03:03]} c5 {[%clk 0:03:02]} 2. Nf3 {[%clk 0:03:04]} g6
{[%clk 0:03:03]} 3. d4 {[%clk 0:03:04]} cxd4 {[%clk 0:03:03]} 4. Nxd4
{[%clk 0:03:05]} Nc6 {[%clk 0:03:04]} 5. c4 {[%clk 0:03:01]} Bg7 {[%clk 0:03:03]}
6. Be3 {[%clk 0:03:02]} d6 {[%clk 0:03:03]} 7. Nc3 {[%clk 0:02:57]} Nf6
{[%clk 0:03:02]} 8. Nc2 {[%clk 0:02:48]} O-O {[%clk 0:03:02]} 9. f3
{[%clk 0:02:43]} Be6 {[%clk 0:02:53]} 10. Be2 {[%clk 0:02:35]} Rc8
{[%clk 0:02:49]} 11. Na3 {[%clk 0:01:53]} Qa5 {[%clk 0:02:24]} 12. Qd2
{[%clk 0:01:37]} Ne5 {[%clk 0:02:18]} 13. Rc1 {[%clk 0:00:56]} Nxc4
{[%clk 0:02:14]} 14. Nxc4 {[%clk 0:00:50]} Bxc4 {[%clk 0:02:14]} 15. Bxc4
{[%clk 0:00:43]} Rxc4 {[%clk 0:02:14]} 16. O-O {[%clk 0:00:38]} Rfc8
{[%clk 0:02:10]} 17. Rfd1 {[%clk 0:00:15]} Nd7 {[%clk 0:01:56]} 18. Ne2
{[%clk 0:00:06]} Qxd2 {[%clk 0:01:39]} 19. Bxd2 {[%clk 0:00:05]} Bxb2
{[%clk 0:01:29]} 20. Rxc4 {[%clk 0:00:06]} Rxc4 {[%clk 0:01:28]} 21. Rf1
{[%clk 0:00:05]} Rc2 {[%clk 0:01:23]} 22. Rd1 {[%clk 0:00:06]} Bg7
{[%clk 0:01:23]} 23. Kf1 {[%clk 0:00:06]} Rxa2 {[%clk 0:01:23]} 24. Be3
{[%clk 0:00:06]} b6 {[%clk 0:01:12]} 25. Rc1 {[%clk 0:00:07]} f6 {[%clk 0:01:00]}
26. Rc8+ {[%clk 0:00:07]} Kf7 {[%clk 0:01:01]} 27. Rc7 {[%clk 0:00:07]} Nc5
{[%clk 0:00:56]} 28. Bxc5 {[%clk 0:00:04]} dxc5 {[%clk 0:00:54]} 29. Nc3
{[%clk 0:00:04]} Ra3 {[%clk 0:00:46]} 30. Nd5 {[%clk 0:00:05]} Bf8
{[%clk 0:00:44]} 31. f4 {[%clk 0:00:04]} h5 {[%clk 0:00:34]} 32. Ke2
{[%clk 0:00:06]} Ra2+ {[%clk 0:00:34]} 33. Kf3 {[%clk 0:00:07]} Ra3+
{[%clk 0:00:34]} 34. Kf2 {[%clk 0:00:08]} Ra4 {[%clk 0:00:31]} 35. Kf3
{[%clk 0:00:08]} c4 {[%clk 0:00:24]} 36. Ke3 {[%clk 0:00:09]} b5 {[%clk 0:00:15]}
37. Kd4 {[%clk 0:00:09]} a6 {[%clk 0:00:16]} 38. Kc3 {[%clk 0:00:10]} Ra3+
{[%clk 0:00:14]} 39. Kb4 {[%clk 0:00:10]} Ra2 {[%clk 0:00:13]} 40. g3
{[%clk 0:00:11]} Rxh2 {[%clk 0:00:13]} 41. Ka5 {[%clk 0:00:12]} Ra2+
{[%clk 0:00:13]} 42. Kb6 {[%clk 0:00:12]} b4 {[%clk 0:00:10]} 43. Nxb4
{[%clk 0:00:13]} Rb2 {[%clk 0:00:09]} 44. Ka5 {[%clk 0:00:14]} Rg2
{[%clk 0:00:07]} 45. Nxa6 {[%clk 0:00:15]} Rxg3 {[%clk 0:00:07]} 46. Rxc4
{[%clk 0:00:16]} Rg4 {[%clk 0:00:08]} 47. e5 {[%clk 0:00:16]} Ke6
{[%clk 0:00:08]} 48. exf6 {[%clk 0:00:16]} Kxf6 {[%clk 0:00:08]} 49. Nc7
{[%clk 0:00:17]} Kf5 {[%clk 0:00:06]} 50. Nd5 {[%clk 0:00:17]} Ke6
{[%clk 0:00:05]} 51. Nc7+ {[%clk 0:00:17]} 1/2-1/2

[Event "d12b"]
[Site "?"]
[Date "2020.08.30"]
[Round "5.7"]
[White "Arabas, Hanna"]
[Black "Pietryk, Joanna"]
[Result "0-1"]
[BlackElo "1166"]
[WhiteElo "1111"]
[LiveChessVersion "1.4.8"]

1. e4 {[%clk 0:03:03]} c5 {[%clk 0:03:04]} 2. Nf3 {[%clk 0:03:04]} d6
{[%clk 0:03:05]} 3. d4 {[%clk 0:03:05]} cxd4 {[%clk 0:03:06]} 4. Nxd4
{[%clk 0:03:06]} Nf6 {[%clk 0:03:07]} 5. Nc3 {[%clk 0:03:07]} a6 {[%clk 0:03:08]}
6. Bd3 {[%clk 0:03:07]} e5 {[%clk 0:03:07]} 7. Nf3 {[%clk 0:03:07]} Be7
{[%clk 0:03:02]} 8. O-O {[%clk 0:03:06]} O-O {[%clk 0:03:02]} 9. h3
{[%clk 0:03:07]} h6 {[%clk 0:02:55]} 10. Bd2 {[%clk 0:03:07]} Be6
{[%clk 0:02:55]} 11. Qc1 {[%clk 0:03:07]} Nbd7 {[%clk 0:02:41]} 12. Re1
{[%clk 0:03:03]} Nc5 {[%clk 0:02:31]} 13. Be3 {[%clk 0:02:39]} Nxd3
{[%clk 0:02:23]} 14. cxd3 {[%clk 0:02:39]} Rc8 {[%clk 0:02:24]} 15. Qd2
{[%clk 0:02:39]} b5 {[%clk 0:02:12]} 16. a3 {[%clk 0:02:40]} Qd7 {[%clk 0:02:05]}
17. Rac1 {[%clk 0:02:41]} Nh7 {[%clk 0:01:54]} 18. Nd5 {[%clk 0:02:18]} Bxd5
{[%clk 0:01:46]} 19. exd5 {[%clk 0:02:19]} Nf6 {[%clk 0:01:46]} 20. Bxh6
{[%clk 0:02:11]} gxh6 {[%clk 0:01:39]} 21. Qxh6 {[%clk 0:02:11]} Nh7
{[%clk 0:01:35]} 22. Re4 {[%clk 0:01:54]} Rxc1+ {[%clk 0:01:34]} 23. Kh2
{[%clk 0:01:54]} Rc2 {[%clk 0:01:22]} 24. Rg4+ {[%clk 0:01:54]} Qxg4
{[%clk 0:01:06]} 25. hxg4 {[%clk 0:01:55]} Kh8 {[%clk 0:01:01]} 26. Nh4
{[%clk 0:01:37]} Bxh4 {[%clk 0:00:56]} 27. Qxh4 {[%clk 0:01:38]} Kg8
{[%clk 0:00:44]} 28. Qg3 {[%clk 0:01:27]} f6 {[%clk 0:00:37]} 29. f4
{[%clk 0:01:26]} Kg7 {[%clk 0:00:27]} 30. fxe5 {[%clk 0:01:25]} fxe5
{[%clk 0:00:28]} 31. Qxe5+ {[%clk 0:01:24]} dxe5 {[%clk 0:00:28]} 32. d6
{[%clk 0:01:25]} Rd8 {[%clk 0:00:28]} 33. Kg3 {[%clk 0:01:23]} Rxd6
{[%clk 0:00:29]} 34. Kh4 {[%clk 0:01:24]} Rh6+ {[%clk 0:00:28]} 35. Kg3
{[%clk 0:01:24]} Nf6 {[%clk 0:00:20]} 36. g5 {[%clk 0:01:25]} Rg6
{[%clk 0:00:19]} 37. Kh4 {[%clk 0:01:23]} Rxg2 {[%clk 0:00:11]} 38. gxf6+
{[%clk 0:01:23]} Kxf6 {[%clk 0:00:11]} 39. Kh3 {[%clk 0:01:23]} R2g5
{[%clk 0:00:11]} 0-1

[Event "d12b"]
[Site "?"]
[Date "2020.08.30"]
[Round "6.1"]
[White "Ziobrowska, Maja"]
[Black "Szczotka, Klara"]
[Result "0-1"]
[BlackElo "1654"]
[WhiteElo "1266"]
[LiveChessVersion "1.4.8"]

1. e4 c5 2. Nf3 e6 3. c3 {[%clk 0:03:05]} Nf6 {[%clk 0:03:06]} 4. Bd3
{[%clk 0:03:05]} d5 {[%clk 0:03:05]} 5. exd5 {[%clk 0:03:06]} exd5
{[%clk 0:03:06]} 6. O-O Be7 7. Bc2 {[%clk 0:03:02]} O-O {[%clk 0:03:06]} 8. d4
{[%clk 0:03:03]} c4 {[%clk 0:03:02]} 9. Bg5 {[%clk 0:03:02]} h6 {[%clk 0:03:02]}
10. Be3 {[%clk 0:03:01]} Nc6 {[%clk 0:03:02]} 11. Re1 {[%clk 0:02:56]} Bd6
{[%clk 0:03:02]} 12. Nbd2 {[%clk 0:02:53]} Be6 {[%clk 0:02:50]} 13. b3
{[%clk 0:02:54]} b5 {[%clk 0:02:51]} 14. bxc4 {[%clk 0:02:45]} bxc4
{[%clk 0:02:52]} 15. Nf1 {[%clk 0:02:43]} Qc7 {[%clk 0:02:53]} 16. Ng3
{[%clk 0:02:40]} Rfe8 {[%clk 0:02:53]} 17. Qd2 {[%clk 0:02:36]} Ng4
{[%clk 0:02:20]} 18. Rab1 {[%clk 0:02:15]} Nxe3 {[%clk 0:02:21]} 19. Rxe3
{[%clk 0:02:14]} Bf4 {[%clk 0:02:22]} 20. Rbe1 {[%clk 0:02:04]} Bxe3
{[%clk 0:02:23]} 21. Rxe3 {[%clk 0:02:02]} Rab8 {[%clk 0:02:19]} 22. h3
{[%clk 0:02:00]} Bd7 {[%clk 0:02:10]} 23. Qe2 {[%clk 0:01:54]} Rxe3
{[%clk 0:02:11]} 24. Qxe3 {[%clk 0:01:53]} Re8 {[%clk 0:02:12]} 25. Qd2
{[%clk 0:01:50]} Qd6 {[%clk 0:02:08]} 26. Nf5 {[%clk 0:01:48]} Bxf5
{[%clk 0:02:06]} 27. Bxf5 {[%clk 0:01:49]} Qf6 {[%clk 0:01:58]} 28. Bd7
{[%clk 0:01:46]} Rd8 {[%clk 0:01:59]} 29. Bxc6 {[%clk 0:01:42]} Qxc6
{[%clk 0:02:01]} 30. Ne5 {[%clk 0:01:42]} Qe6 {[%clk 0:01:58]} 31. Qb2
{[%clk 0:01:38]} f6 {[%clk 0:01:57]} 32. Nf3 {[%clk 0:01:33]} Qb6
{[%clk 0:01:57]} 33. Qe2 {[%clk 0:01:33]} Qb1+ {[%clk 0:01:58]} 34. Kh2
{[%clk 0:01:33]} Qb8+ {[%clk 0:01:51]} 35. Kg1 {[%clk 0:01:32]} Qd6
{[%clk 0:01:51]} 36. Qc2 {[%clk 0:01:20]} Rb8 {[%clk 0:01:33]} 37. g3
{[%clk 0:01:20]} Qb6 {[%clk 0:01:26]} 38. Qe2 {[%clk 0:01:18]} Qb1+
{[%clk 0:01:14]} 39. Kg2 {[%clk 0:01:15]} Qb7 {[%clk 0:01:08]} 40. Qe6+
{[%clk 0:01:11]} Qf7 {[%clk 0:01:10]} 41. Qd6 {[%clk 0:01:09]} Re8
{[%clk 0:01:05]} 42. Qc5 {[%clk 0:01:07]} Kh7 {[%clk 0:00:56]} 43. Qb5
{[%clk 0:01:02]} Re7 {[%clk 0:00:43]} 44. Qb1+ {[%clk 0:00:58]} g6
{[%clk 0:00:37]} 45. Nh4 {[%clk 0:00:52]} Kg7 {[%clk 0:00:37]} 46. Qc1
{[%clk 0:00:42]} f5 {[%clk 0:00:34]} 47. Qf4 {[%clk 0:00:41]} Re4
{[%clk 0:00:31]} 48. Qd6 {[%clk 0:00:33]} Qe8 {[%clk 0:00:21]} 49. Qxd5
{[%clk 0:00:33]} Qe6 {[%clk 0:00:19]} 50. Qb7+ {[%clk 0:00:33]} Qe7
{[%clk 0:00:18]} 51. Qc6 {[%clk 0:00:32]} Qf7 {[%clk 0:00:14]} 52. Qc5
{[%clk 0:00:24]} Re7 {[%clk 0:00:13]} 53. Nf3 {[%clk 0:00:22]} Rc7
{[%clk 0:00:14]} 54. Qe5+ {[%clk 0:00:23]} Kg8 {[%clk 0:00:12]} 55. Nh4
{[%clk 0:00:23]} Re7 {[%clk 0:00:11]} 56. Qc5 {[%clk 0:00:24]} Kh7
{[%clk 0:00:09]} 57. d5 {[%clk 0:00:23]} Re5 {[%clk 0:00:09]} 58. Qxc4
{[%clk 0:00:22]} Qxd5+ {[%clk 0:00:09]} 59. Qxd5 {[%clk 0:00:23]} Rxd5
{[%clk 0:01:10]} 60. Nf3 {[%clk 0:00:21]} Rc5 {[%clk 0:01:11]} 61. Nd4
{[%clk 0:00:20]} a6 {[%clk 0:00:58]} 62. Ne2 {[%clk 0:00:19]} Ra5
{[%clk 0:00:59]} 63. c4 {[%clk 0:00:17]} Rxa2 {[%clk 0:00:59]} 64. Nd4
{[%clk 0:00:14]} Ra4 {[%clk 0:01:00]} 65. Nb3 {[%clk 0:00:10]} Rxc4
{[%clk 0:01:01]} 66. Nd2 {[%clk 0:00:09]} Rc6 {[%clk 0:01:01]} 67. Nb3
{[%clk 0:00:10]} Rb6 {[%clk 0:01:02]} 68. Na5 {[%clk 0:00:10]} Rb5
{[%clk 0:01:03]} 69. Nc4 {[%clk 0:00:11]} a5 {[%clk 0:01:04]} 70. Kf3
{[%clk 0:00:12]} a4 {[%clk 0:01:05]} 71. Nd2 {[%clk 0:00:09]} a3 {[%clk 0:01:07]}
72. Nc4 {[%clk 0:00:04]} a2 {[%clk 0:01:07]} 73. Nd6 {[%clk 0:00:04]} Rb3+
{[%clk 0:01:08]} 74. Ke2 {[%clk 0:00:05]} a1=Q {[%clk 0:01:09]} 75. Nc4
{[%clk 0:00:06]} Qa2+ {[%clk 0:01:09]} 76. Nd2 {[%clk 0:00:07]} Rb2
{[%clk 0:01:09]} 77. Ke3 {[%clk 0:00:08]} Rxd2 {[%clk 0:01:10]} 78. f4
{[%clk 0:00:09]} Re2+ {[%clk 0:01:10]} 79. Kd3 {[%clk 0:00:10]} Qc2+
{[%clk 0:01:11]} 80. Kd4 {[%clk 0:00:10]} Re4+ {[%clk 0:01:13]} 81. Kd5
{[%clk 0:00:12]} Qc4+ {[%clk 0:01:14]} 82. Kd6 {[%clk 0:00:13]} Re6+
{[%clk 0:01:15]} 83. Kd7 Qc6+ 84. Kd8 Re8# 0-1

[Event "d12b"]
[Site "?"]
[Date "2020.08.30"]
[Round "6.2"]
[White "Natoli, Alessia"]
[Black "Mitrega, Wiktoria"]
[Result "1-0"]
[BlackElo "1143"]
[WhiteElo "1302"]
[LiveChessVersion "1.4.8"]

1. e4 {[%clk 0:03:02]} e6 {[%clk 0:03:03]} 2. d4 {[%clk 0:03:01]} d5
{[%clk 0:03:05]} 3. exd5 {[%clk 0:03:00]} exd5 {[%clk 0:03:06]} 4. Bd3
{[%clk 0:02:59]} Bd6 {[%clk 0:03:07]} 5. h3 {[%clk 0:02:57]} Nf6 {[%clk 0:03:07]}
6. Nf3 {[%clk 0:02:55]} c6 {[%clk 0:03:08]} 7. c3 {[%clk 0:02:52]} h6
{[%clk 0:03:04]} 8. O-O {[%clk 0:02:51]} O-O {[%clk 0:03:04]} 9. Be3
{[%clk 0:02:40]} Be6 {[%clk 0:02:59]} 10. Nbd2 {[%clk 0:02:40]} Nbd7
{[%clk 0:02:59]} 11. Qc2 {[%clk 0:02:37]} Rc8 {[%clk 0:02:44]} 12. Rae1
{[%clk 0:02:21]} Re8 {[%clk 0:02:44]} 13. Re2 {[%clk 0:02:16]} Qc7
{[%clk 0:02:45]} 14. Rfe1 {[%clk 0:02:11]} Re7 {[%clk 0:02:46]} 15. b3
{[%clk 0:02:08]} Rce8 {[%clk 0:02:46]} 16. c4 {[%clk 0:01:58]} dxc4
{[%clk 0:02:40]} 17. bxc4 {[%clk 0:01:58]} b6 {[%clk 0:02:40]} 18. Nb3
{[%clk 0:01:27]} a5 {[%clk 0:02:27]} 19. a4 {[%clk 0:01:20]} Rb8 {[%clk 0:01:24]}
20. Rb1 {[%clk 0:01:05]} Bb4 {[%clk 0:01:17]} 21. Bd2 {[%clk 0:01:00]} Bxd2
{[%clk 0:01:12]} 22. Qxd2 {[%clk 0:00:59]} Rbe8 {[%clk 0:01:02]} 23. Qc3
{[%clk 0:00:52]} Qd6 {[%clk 0:00:47]} 24. c5 {[%clk 0:00:36]} bxc5
{[%clk 0:00:44]} 25. dxc5 {[%clk 0:00:36]} Qc7 {[%clk 0:00:39]} 26. Qxa5
{[%clk 0:00:34]} Qxa5 {[%clk 0:00:34]} 27. Nxa5 {[%clk 0:00:31]} Bd5
{[%clk 0:00:34]} 28. Rxe7 {[%clk 0:00:20]} Rxe7 {[%clk 0:00:34]} 29. Nb7
{[%clk 0:00:14]} Bxf3 {[%clk 0:00:26]} 30. gxf3 {[%clk 0:00:14]} Ne5
{[%clk 0:00:27]} 31. Be2 {[%clk 0:00:10]} Nd5 {[%clk 0:00:26]} 32. Kf1
{[%clk 0:00:10]} Nc3 {[%clk 0:00:27]} 33. Rb3 {[%clk 0:00:06]} Nxe2
{[%clk 0:00:26]} 34. Kxe2 {[%clk 0:00:07]} f6 {[%clk 0:00:16]} 35. Kd2
{[%clk 0:00:05]} Rd7+ {[%clk 0:00:12]} 36. Kc2 {[%clk 0:00:03]} Rc7
{[%clk 0:00:07]} 37. a5 {[%clk 0:00:05]} Rc8 {[%clk 0:00:07]} 38. a6
{[%clk 0:00:06]} Ra8 {[%clk 0:00:08]} 39. Ra3 {[%clk 0:00:04]} Nd7
{[%clk 0:00:08]} 40. a7 {[%clk 0:00:05]} Ne5 {[%clk 0:00:04]} 41. Kc3
{[%clk 0:00:06]} Nd7 {[%clk 0:00:05]} 42. Kd4 {[%clk 0:00:07]} Ne5
{[%clk 0:00:04]} 43. f4 {[%clk 0:00:08]} Nd7 {[%clk 0:00:05]} 44. Ke4
{[%clk 0:00:09]} Kf8 {[%clk 0:00:06]} 45. Kf5 {[%clk 0:00:10]} Kf7
{[%clk 0:00:07]} 46. Nd6+ {[%clk 0:00:11]} Ke7 {[%clk 0:00:08]} 47. Ra6
{[%clk 0:00:11]} Nxc5 {[%clk 0:00:08]} 48. Rxc6 {[%clk 0:00:11]} Nd7
{[%clk 0:00:06]} 49. Ra6 {[%clk 0:00:12]} Nc5 {[%clk 0:00:07]} 50. Ra5
{[%clk 0:00:12]} Nb3 {[%clk 0:00:05]} 51. Ra3 {[%clk 0:00:13]} Nd4+
{[%clk 0:00:05]} 52. Ke4 {[%clk 0:00:13]} Nc6 {[%clk 0:00:07]} 53. Nb5
{[%clk 0:00:13]} Kd7 {[%clk 0:00:06]} 54. Kd5 {[%clk 0:00:13]} Nb4+
{[%clk 0:00:06]} 55. Kc5 {[%clk 0:00:14]} Nc6 {[%clk 0:00:06]} 56. f3
{[%clk 0:00:15]} g5 {[%clk 0:00:05]} 57. fxg5 {[%clk 0:00:15]} hxg5
{[%clk 0:00:05]} 58. Ra6 {[%clk 0:00:15]} Ne5 {[%clk 0:00:04]} 59. Rd6+
{[%clk 0:00:13]} Ke7 {[%clk 0:00:04]} 60. f4 {[%clk 0:00:12]} gxf4
{[%clk 0:00:00]} 61. Rb6 {[%clk 0:00:12]} Nd7+ {[%clk 0:00:00]} 1-0

[Event "d12b"]
[Site "?"]
[Date "2020.08.30"]
[Round "6.3"]
[White "Salamon, Julia"]
[Black "Wojs, Alicja"]
[Result "0-1"]
[BlackElo "1285"]
[WhiteElo "1156"]
[LiveChessVersion "1.4.8"]

1. d4 {[%clk 0:03:03]} d5 {[%clk 0:03:03]} 2. c4 {[%clk 0:03:05]} c6
{[%clk 0:03:05]} 3. Nf3 {[%clk 0:03:06]} Bf5 {[%clk 0:03:06]} 4. e3
{[%clk 0:03:07]} e6 {[%clk 0:03:07]} 5. Nc3 {[%clk 0:03:08]} Nf6 {[%clk 0:03:08]}
6. Be2 {[%clk 0:03:07]} Bd6 {[%clk 0:03:08]} 7. O-O {[%clk 0:03:08]} O-O
{[%clk 0:03:08]} 8. h3 {[%clk 0:03:08]} Nbd7 {[%clk 0:03:10]} 9. b3
{[%clk 0:03:03]} Ne4 {[%clk 0:03:10]} 10. Bb2 {[%clk 0:03:04]} Ndf6
{[%clk 0:03:11]} 11. Bd3 {[%clk 0:02:49]} Re8 {[%clk 0:03:01]} 12. Qc2
{[%clk 0:02:37]} Nxc3 {[%clk 0:02:57]} 13. Bxc3 {[%clk 0:02:38]} Bxd3
{[%clk 0:02:57]} 14. Qxd3 {[%clk 0:02:38]} Ne4 {[%clk 0:02:58]} 15. Bb2
{[%clk 0:02:33]} Qf6 {[%clk 0:02:55]} 16. Rac1 {[%clk 0:02:08]} Qg6
{[%clk 0:02:40]} 17. Rc2 {[%clk 0:01:48]} f5 {[%clk 0:02:33]} 18. Ne5
{[%clk 0:01:26]} Bxe5 {[%clk 0:02:32]} 19. dxe5 {[%clk 0:01:27]} Qg5
{[%clk 0:02:21]} 20. f4 {[%clk 0:00:53]} Qe7 {[%clk 0:02:19]} 21. cxd5
{[%clk 0:00:52]} cxd5 {[%clk 0:02:19]} 22. Rfc1 {[%clk 0:00:52]} Qb4 23. Rc7
{[%clk 0:00:34]} Qb6 {[%clk 0:01:54]} 24. R7c2 {[%clk 0:00:35]} Qb4
{[%clk 0:01:43]} 25. Bc3 {[%clk 0:00:36]} Qf8 {[%clk 0:01:43]} 26. Bd4
{[%clk 0:00:36]} Rec8 {[%clk 0:01:42]} 27. Rxc8 {[%clk 0:00:29]} Rxc8
{[%clk 0:01:44]} 28. Rc2 {[%clk 0:00:30]} a6 {[%clk 0:01:40]} 29. a4
{[%clk 0:00:23]} Qe8 {[%clk 0:01:36]} 30. Qd1 {[%clk 0:00:19]} h6
{[%clk 0:01:34]} 31. Qd3 {[%clk 0:00:15]} Rc6 {[%clk 0:01:32]} 32. Rxc6
{[%clk 0:00:14]} Qxc6 {[%clk 0:01:33]} 33. Kh2 Qc1 {[%clk 0:01:25]} 34. Qe2
{[%clk 0:00:11]} Qa3 {[%clk 0:01:20]} 35. Qd3 {[%clk 0:00:12]} Qb4
{[%clk 0:01:18]} 36. Qc2 {[%clk 0:00:13]} Kh7 {[%clk 0:01:12]} 37. Qd3
{[%clk 0:00:08]} Qd2 {[%clk 0:01:13]} 38. Qxd2 {[%clk 0:00:08]} Nxd2 39. Bb6
{[%clk 0:00:07]} Nxb3 {[%clk 0:01:14]} 40. a5 {[%clk 0:00:08]} Nc1
{[%clk 0:01:12]} 41. Kg3 {[%clk 0:00:09]} Nd3 {[%clk 0:01:13]} 42. Kf3
{[%clk 0:00:09]} Nb4 {[%clk 0:01:13]} 43. Bc5 {[%clk 0:00:06]} Nc6
{[%clk 0:01:15]} 44. Bb6 {[%clk 0:00:07]} Kg8 45. Ke2 {[%clk 0:00:07]} Kf7
{[%clk 0:01:17]} 46. Kd3 {[%clk 0:00:09]} g5 {[%clk 0:01:16]} 47. g3
{[%clk 0:00:10]} Kg6 {[%clk 0:01:10]} 48. Kc3 {[%clk 0:00:07]} h5
{[%clk 0:01:07]} 49. h4 {[%clk 0:00:05]} gxf4 {[%clk 0:01:03]} 50. exf4
{[%clk 0:00:06]} Kf7 51. Kb3 {[%clk 0:00:05]} Ke7 {[%clk 0:00:58]} 52. Kc3
{[%clk 0:00:06]} Kd7 {[%clk 0:00:59]} 53. Kb3 {[%clk 0:00:07]} Ne7
{[%clk 0:00:59]} 54. Kc3 {[%clk 0:00:08]} Kc6 {[%clk 0:01:00]} 55. Bd8
{[%clk 0:00:06]} Nc8 {[%clk 0:00:55]} 56. Kd3 {[%clk 0:00:07]} Kc5
{[%clk 0:00:55]} 57. Kc3 {[%clk 0:00:08]} d4+ 58. Kd3 Kd5 {[%clk 0:00:56]} 59.
Kd2 {[%clk 0:00:09]} Ke4 {[%clk 0:00:57]} 60. Ke2 {[%clk 0:00:10]} d3+
{[%clk 0:00:59]} 61. Kd2 {[%clk 0:00:11]} Kf3 {[%clk 0:00:59]} 62. Kxd3
{[%clk 0:00:12]} Kxg3 {[%clk 0:01:00]} 63. Bg5 {[%clk 0:00:11]} b6
{[%clk 0:00:56]} 64. axb6 {[%clk 0:00:12]} 0-1

[Event "d12b"]
[Site "?"]
[Date "2020.08.30"]
[Round "6.4"]
[White "Kulczycka, Zofia"]
[Black "Palejko, Gabriela"]
[Result "1-0"]
[BlackElo "1196"]
[WhiteElo "1116"]
[LiveChessVersion "1.4.8"]

1. e4 {[%clk 0:03:03]} e5 {[%clk 0:03:04]} 2. Nf3 Nc6 3. Bb5 a6 4. Ba4
{[%clk 0:03:06]} Nf6 {[%clk 0:03:08]} 5. O-O {[%clk 0:03:06]} Be7
{[%clk 0:03:08]} 6. Re1 {[%clk 0:03:06]} d6 {[%clk 0:03:09]} 7. c3
{[%clk 0:03:04]} O-O {[%clk 0:03:09]} 8. d4 {[%clk 0:03:05]} exd4
{[%clk 0:02:57]} 9. cxd4 {[%clk 0:03:06]} b5 {[%clk 0:02:58]} 10. Bc2
{[%clk 0:03:04]} Bg4 {[%clk 0:02:54]} 11. Be3 {[%clk 0:02:52]} h6
{[%clk 0:02:50]} 12. h3 {[%clk 0:02:53]} Bh5 {[%clk 0:02:51]} 13. Nc3
{[%clk 0:02:44]} Re8 {[%clk 0:02:37]} 14. a3 {[%clk 0:02:44]} Qd7
{[%clk 0:02:13]} 15. Bd3 {[%clk 0:02:41]} Rad8 {[%clk 0:02:06]} 16. Be2
{[%clk 0:02:41]} Bg6 {[%clk 0:02:05]} 17. d5 {[%clk 0:02:34]} Ne5
{[%clk 0:01:54]} 18. Nxe5 {[%clk 0:02:34]} dxe5 {[%clk 0:01:55]} 19. f3
{[%clk 0:02:35]} Bd6 {[%clk 0:01:48]} 20. Kh1 {[%clk 0:02:30]} Nh5
{[%clk 0:01:49]} 21. Bf2 {[%clk 0:02:27]} Nf4 {[%clk 0:01:49]} 22. Bd3
{[%clk 0:02:23]} Nxd3 {[%clk 0:01:30]} 23. Qxd3 {[%clk 0:02:23]} Bh5
{[%clk 0:01:23]} 24. Na2 {[%clk 0:02:14]} Kh8 {[%clk 0:01:10]} 25. Nb4
{[%clk 0:02:13]} Bxb4 {[%clk 0:01:10]} 26. axb4 {[%clk 0:02:14]} Ra8
{[%clk 0:01:10]} 27. Bc5 {[%clk 0:02:10]} Qd8 {[%clk 0:01:05]} 28. Rec1
{[%clk 0:02:09]} Qh4 {[%clk 0:01:04]} 29. Qe2 {[%clk 0:02:02]} Red8
{[%clk 0:00:48]} 30. Qf2 {[%clk 0:02:03]} Qf6 {[%clk 0:00:40]} 31. Be3
{[%clk 0:02:00]} Rd7 {[%clk 0:00:35]} 32. Qe2 {[%clk 0:01:55]} Qg6
{[%clk 0:00:36]} 33. Bf2 {[%clk 0:01:53]} Qf6 {[%clk 0:00:30]} 34. Bg3
{[%clk 0:01:54]} Qg5 {[%clk 0:00:27]} 35. Qf2 {[%clk 0:01:53]} Qg6
{[%clk 0:00:23]} 36. Rc6 {[%clk 0:01:54]} Qg5 {[%clk 0:00:21]} 37. Rac1
{[%clk 0:01:53]} Rc8 {[%clk 0:00:21]} 38. Bh2 {[%clk 0:01:48]} f6
{[%clk 0:00:12]} 39. Qg3 {[%clk 0:01:48]} Qd2 {[%clk 0:00:09]} 40. R6c2
{[%clk 0:01:43]} Qxb4 {[%clk 0:00:09]} 41. Qh4 {[%clk 0:01:36]} Bf7
{[%clk 0:00:09]} 42. Qe1 {[%clk 0:01:34]} Qe7 {[%clk 0:00:09]} 43. Qa5
{[%clk 0:01:34]} Qd6 {[%clk 0:00:09]} 44. Rc6 {[%clk 0:01:33]} Qe7
{[%clk 0:00:08]} 45. Qxa6 {[%clk 0:01:32]} b4 {[%clk 0:00:08]} 46. Qb5
{[%clk 0:01:33]} Be8 {[%clk 0:00:07]} 47. Qc4 {[%clk 0:01:31]} Rdd8
{[%clk 0:00:08]} 48. Re6 {[%clk 0:01:30]} Qd7 {[%clk 0:00:05]} 49. Qc6
{[%clk 0:01:29]} Qxc6 {[%clk 0:00:06]} 50. dxc6 {[%clk 0:01:29]} Bf7
{[%clk 0:00:06]} 51. Re7 {[%clk 0:01:28]} Bb3 {[%clk 0:00:07]} 52. Bg1
{[%clk 0:01:24]} Kg8 {[%clk 0:00:06]} 53. Bc5 {[%clk 0:01:23]} Re8
{[%clk 0:00:05]} 54. Rxe8+ {[%clk 0:01:23]} Rxe8 {[%clk 0:00:07]} 55. Bxb4
{[%clk 0:01:20]} Rd8 {[%clk 0:00:08]} 56. Rc3 {[%clk 0:01:15]} Ba4
{[%clk 0:00:06]} 57. Ba5 {[%clk 0:01:14]} Rd1+ 58. Kh2 {[%clk 0:01:14]} Rd2
{[%clk 0:00:04]} 59. b3 {[%clk 0:01:13]} Bb5 {[%clk 0:00:03]} 60. Rc5
{[%clk 0:01:13]} Rd8 {[%clk 0:00:03]} 61. Rxb5 {[%clk 0:01:13]} Ra8
{[%clk 0:00:03]} 62. Bxc7 Rc8 {[%clk 0:00:06]} 63. Rb8 {[%clk 0:01:13]} Rxb8 64.
Bxb8 {[%clk 0:01:13]} Kf7 {[%clk 0:00:07]} 65. c7 {[%clk 0:01:14]} Kg6
{[%clk 0:00:08]} 66. c8=Q {[%clk 0:01:15]} Kh7 {[%clk 0:00:09]} 67. Qf5+
{[%clk 0:01:12]} Kg8 {[%clk 0:00:09]} 68. Bd6 {[%clk 0:01:13]} Kf7
{[%clk 0:00:10]} 69. b4 {[%clk 0:01:13]} g6 {[%clk 0:00:09]} 70. Qd7+
{[%clk 0:01:14]} Kg8 {[%clk 0:00:10]} 71. b5 {[%clk 0:01:15]} f5 {[%clk 0:00:10]}
72. b6 {[%clk 0:01:16]} f4 {[%clk 0:00:11]} 73. b7 {[%clk 0:01:17]} g5
{[%clk 0:00:12]} 74. b8=R# {[%clk 0:01:17]} 1-0

[Event "d12b"]
[Site "?"]
[Date "2020.08.30"]
[Round "6.5"]
[White "Pietryk, Joanna"]
[Black "Sprzeczka, Emilia"]
[Result "1-0"]
[BlackElo "1177"]
[WhiteElo "1166"]
[LiveChessVersion "1.4.8"]

1. e4 e5 2. Nf3 Nc6 3. Bb5 a6 4. Ba4 Nf6 5. O-O Bc5 6. c3 d6 7. d4 exd4 8. cxd4
Ba7 9. Nc3 O-O 10. Bg5 h6 11. Bh4 Ne7 12. Bxf6 gxf6 13. Nh4 Ng6 14. Nf5 Kh7 15.
Qh5 Bxf5 16. exf5 Ne7 17. Ne4 Nd5 18. Bb3 c6 19. Qh4 Bxd4 20. Rad1 Bxb2 21. Bxd5
cxd5 22. Rxd5 Be5 23. Rfd1 Qc7 24. Nxd6 Bxd6 25. Rxd6 Rad8 26. Qxf6 Rxd6 27. Qxd6
Rd8 28. Qxd8 1-0